[Event "Mondariz op 9th"]
[Site "Mondariz Balneario"]
[Date "2011.08.28"]
[Round "7.5"]
[White "Rodriguez Tojeira, Jose Angel"]
[Black "Margarido, Ricardo Emanuel Tor"]
[Result "0-1"]
[WhiteElo "1749"]
[BlackElo "1926"]
[PlyCount "100"]
[EventDate "2011.08.22"]
[EventType "swiss"]
[EventRounds "7"]
[EventCountry "ESP"]
[SourceTitle "EXT 2024"]
[Source "ChessBase"]
[SourceDate "2023.10.10"]
[SourceVersion "1"]
[SourceVersionDate "2023.10.10"]
[SourceQuality "1"]

1. d4 Nf6 2. c4 d6 3. Nc3 Nbd7 4. e4 e5 5. d5 a5 6. Bd3 Nc5 7. Bc2 Be7 8. f3 0-0 9. Nge2 Ne8 10. 0-0 Bg5 11. a3 g6 12. Rb1 f5 13. b4 Nd7 14. Bd2 Bxd2 15. Qxd2 f4 16. Nb5 h5 17. Rbc1 b6 18. Bd3 g5 19. Qe1 g4 20. g3 Qg5 21. Kh1 Rf7 22. gxf4 exf4 23. Ned4 Ne5 24. Bb1 axb4 25. axb4 Ra3 26. Rc3 Rxc3 27. Nxc3 Nxc4 28. Nf5 Bxf5 29. exf5 Ne3 30. Ne4 Qe7 31. Rg1 Rg7 32. fxg4 hxg4 33. Qc3 Qh4 34. f6 Rh7 35. f7+ Rxf7 36. Nf2 g3 37. h3 g2+ 38. Rxg2+ Nxg2 39. Kxg2 f3+ 40. Kf1 Qg3 41. Qe3 Qg2+ 42. Ke1 Qg1+ 43. Kd2 Qxb1 44. Qxe8+ Kg7 45. Qe3 Qxb4+ 46. Kd1 Qa4+ 47. Ke1 Qa1+ 48. Kd2 Qe5 49. Qd3 Rf4 50. Qf1 Qb2+ 0-1

[Event "Mondariz op 9th"]
[Site "Mondariz Balneario"]
[Date "2011.08.27"]
[Round "6.13"]
[White "Bouza Brey Teijeiro, Gonzalo"]
[Black "Rodriguez Tojeira, Jose Angel"]
[Result "0-1"]
[WhiteElo "1877"]
[BlackElo "1749"]
[PlyCount "110"]
[EventDate "2011.08.22"]
[EventType "swiss"]
[EventRounds "7"]
[EventCountry "ESP"]
[SourceTitle "EXT 2024"]
[Source "ChessBase"]
[SourceDate "2023.10.10"]
[SourceVersion "1"]
[SourceVersionDate "2023.10.10"]
[SourceQuality "1"]

1. e4 e6 2. d4 d5 3. Nc3 dxe4 4. Nxe4 Nd7 5. Nf3 Ngf6 6. Bg5 h6 7. Nxf6+ Nxf6 8. Bh4 Be7 9. Ne5 0-0 10. Bd3 Bd7 11. Qf3 Bc6 12. Nxc6 bxc6 13. Rd1 Qd5 14. c4 Qxf3 15. gxf3 Rab8 16. b3 Rfe8 17. Rg1 Rbd8 18. Bg3 Bd6 19. Be5 Bxe5 20. dxe5 Nd7 21. f4 Nc5 22. Bc2 Rxd1+ 23. Kxd1 Rd8+ 24. Ke2 a5 25. Ke3 g6 26. Rd1 Rxd1 27. Bxd1 Na6 28. a3 c5 29. h4 h5 30. Bf3 Kf8 31. Bb7 Nb8 32. Bf3 Na6 33. Ke4 Ke7 34. Be2 Kd7 35. f5 exf5+ 36. Kf4 c6 37. Bf3 Nb8 38. Kg5 Ke7 39. Bg2 Nd7 40. f4 Nf8 41. Bxc6 Ne6+ 42. Kh6 Nxf4 43. Kg7 Ne6+ 44. Kg8 f4 45. Bd5 g5 46. hxg5 Nxg5 47. Kg7 f3 48. Kh6 f2 49. Bg2 Ne4 50. Kxh5 Ng3+ 51. Kg4 f1Q 52. Bxf1 Nxf1 53. Kf3 Nd2+ 54. Ke3 Nxb3 55. Kd3 a4 0-1

[Event "Mondariz op 9th"]
[Site "Mondariz Balneario"]
[Date "2011.08.23"]
[Round "2.19"]
[White "Rodriguez Tojeira, Jose Angel"]
[Black "Silva, Mariana Sofia Teixe"]
[Result "1/2-1/2"]
[WhiteElo "1749"]
[BlackElo "1377"]
[PlyCount "78"]
[EventDate "2011.08.22"]
[EventType "swiss"]
[EventRounds "7"]
[EventCountry "ESP"]
[SourceTitle "EXT 2024"]
[Source "ChessBase"]
[SourceDate "2023.10.10"]
[SourceVersion "1"]
[SourceVersionDate "2023.10.10"]
[SourceQuality "1"]

1. d4 d5 2. c4 c6 3. Nc3 Nf6 4. Bg5 e6 5. e3 Nbd7 6. Nf3 Bb4 7. Nd2 0-0 8. a3 Bxc3 9. bxc3 Qa5 10. Qc2 Ne4 11. Be7 Re8 12. Bb4 Qc7 13. a4 Nxd2 14. Qxd2 c5 15. Ba3 b6 16. cxd5 exd5 17. Be2 Nf6 18. Bf3 Ba6 19. Rb1 Rab8 20. Rc1 Qc6 21. Qd1 Rec8 22. dxc5 bxc5 23. c4 Qc7 24. 0-0 Bxc4 25. Be2 Bxe2 26. Qxe2 Qa5 27. Rfd1 c4 28. Qc2 Rb6 29. Be7 Rcb8 30. Qf5 h6 31. Bxf6 Rxf6 32. Qxd5 Qxd5 33. Rxd5 Rb2 34. f3 Rg6 35. g3 Rf6 36. f4 Re6 37. Rc3 Rb3 38. Rxc4 Rbxe3 39. Rd2 R3e4 1/2-1/2

[Event "Pontevedra op 21st"]
[Site "Pontevedra"]
[Date "2008.08.12"]
[Round "3"]
[White "Rodriguez Tojeira, Jose Angel"]
[Black "Rodriguez Calvo, Manoel"]
[Result "0-1"]
[WhiteElo "1804"]
[BlackElo "2167"]
[PlyCount "120"]
[EventDate "2008.08.10"]
[EventType "swiss"]
[EventRounds "9"]
[EventCountry "ESP"]
[SourceTitle "CBM 125 Extra"]
[Source "ChessBase"]
[SourceDate "2008.09.01"]
[SourceVersion "1"]
[SourceVersionDate "2008.09.01"]
[SourceQuality "1"]

1. d4 Nf6 2. c4 g6 3. Nc3 Bg7 4. e4 d6 5. Nf3 0-0 6. Be2 e5 7. 0-0 Nc6 8. d5 Ne7 9. Bd2 Ne8 10. Ne1 f5 11. Nd3 Nf6 12. f3 f4 13. c5 h5 14. cxd6 cxd6 15. Nf2 g5 16. Rc1 a6 17. b4 Ng6 18. a4 b6 19. Nb1 Ra7 20. Na3 g4 21. fxg4 hxg4 22. Rc3 Rc7 23. Qc2 Rxc3 24. Qxc3 Nh4 25. g3 Ng6 26. Rc1 f3 27. Bf1 Bd7 28. Bxa6 Ne8 29. Bb5 Bxb5 30. Nxb5 Bf6 31. Qc8 Qe7 32. Qxg4 Kg7 33. a5 bxa5 34. bxa5 Qb7 35. Nc3 Bd8 36. Ncd1 Nf6 37. Qc8 Qb5 38. Qc4 Qe8 39. a6 Ne7 40. a7 Bb6 41. Be3 Qh5 42. Bxb6 Rh8 43. h3 Qg5 44. Kh2 Ng4+ 45. Nxg4 Rxh3+ 46. Kg1 Qxg4 47. Kf2 Qxg3+ 48. Ke3 Qe1+ 49. Kd3 f2+ 50. Kc2 f1Q 51. Qxf1 Qxf1 52. a8Q Qc4+ 53. Kd2 Rd3+ 54. Ke2 Rc3+ 55. Ke1 Qxe4+ 56. Be3 Rxc1 57. Qa3 Rb1 58. Ke2 Qc2+ 59. Kf3 Qxd1+ 60. Ke4 Qxd5# 0-1